000
00299nam a22001337a 4500
008
170529b xxu||||| |||| 00| 0 eng d
020
_a
0070354766
041
_a
eng
080
_a
621.36
100
_a
26
101
_a
IM
245
_a
PRINCIPLES OF SOLAR ENGINEERING
_c
KREITH, F
942
_2
udc
_c
BK
999
_c
14894
_d
14894